000 nam a22 a 4500
999 _c2810
_d2810
003 AKMAL
005 20170518104313.0
008 170518s2007 my a e | 000 0 eng d
020 _a9789833850143 (pbk.)
039 9 _a200807011027
_banisatul
_c200806241752
_dnoorma
_c200806241120
_dazril
_c200805131705
_dnorsyahiza
040 _aAKMAL
082 0 4 _a657 LAR
_222
090 0 0 _a657
_bLAR
245 0 0 _aAccounting principles /
_cKermit D. Larson ... [et al.]
250 _a2nd ed.
260 _aShah Alam :
_bMcGraw-Hill (M),
_c2007
300 _ax, 627p. :
_bill. ;
_c25cm.
500 _aIncludes questions and exercises
650 1 0 _aAccounting
_95885
700 1 _aLarson, Kermit D.
_95934
942 _2ddc
_cBOOK